Statistiques concernant Pays les plus proches du Soudan du Sud

Cliquez ici pour prendre le quiz!

Statistiques générales

  • Ce quiz a été pris 62 fois
  • Le résultat moyen est 18 sur 20

Statistiques - réponses

kmpays% Correct
0Soudan
100%
792Congo
97%
420Érythrée
97%
0Rép dém Congo
97%
1086Égypte
95%
0Éthiopie
95%
0Kenya
95%
597Somalie
95%
0République
Centrafricaine
92%
167Tchad
92%
857Djibouti
90%
497Tanzanie
90%
0Ouganda
88%
507Rwanda
86%
1024Libye
85%
1013Nigeria
85%
655Burundi
78%
877Cameroun
75%
1046Arabie Saoudite
68%
1070Yémen
68%

Distribution des résultats

Percentile par nombre de réponses

% des personnes avec chaque résultat

Votre développement - résultats

Vous n’avez pas pris ce quiz